MARC

LEADER 00000nam a22000007a 4500
001 28756
003 AGDB
005 20260324181528.0
008 241113b spa||||| |||| 00| 0 cat d
017 |a B 12885-2023 
040 |a agdb  |b cat 
110 2 |a Institut Català d'Avaluació de Polítiques Públiques  |9 71903 
245 |a Pautes per avaluar els plans locals de cooperació al desenvolupament 
250 |a 2a edició:   |b abril de 2024 
260 |a Barcelona :   |b Diputació de Barcelona ;   |c 2024 
300 |a 1 fulletó ; 30 pàgines :   |c 20 x 15 cm 
490 |a Planificació estratègica de la política local de cooperació al desenvolupament ;   |v 3 
504 |a Bibliografia (pàg. 29). 
546 |a També en castellà (R. 28757) i anglès (R. 28758). 
650 0 |a Administració local  |x Cooperació internacional   |2 Arxiu  |9 44052 
650 0 |a Administració local  |x Cooperació internacional   |v Manuals, guies, etc.  |9 71727 
655 0 |a Fulletons  |9 55858 
710 |a Barcelona (Catalunya : Província).  |b Oficina de Cooperació al Desenvolupament  |9 52265  |e coord. 
710 |a Barcelona (Catalunya : Província).  |b Direcció de Relacions Internacionals  |e coord.  |9 51072 
710 |a Barcelona (Catalunya : Província).  |b Àrea de Presidència  |9 52558  |e coord. 
856 4 0 |u https://llibreria.diba.cat/cat/ebook/pautes-per-avaluar-els-plans-locals-de-cooperacio-al-desenvolupament_68481  |y Accés lliure (Llibreria de la Diputació de Barcelona) 
942 |2 udc  |c ARXIU  |n 1 
952 |0 0  |1 0  |4 0  |6 FU7784  |7 1  |9 97840  |a Arxiu  |b Arxiu  |d 2025-03-12  |l 0  |o FU-77-84  |p 28756  |r 2025-03-12 00:00:00  |w 2025-03-12  |y ARXIU 
999 |c 129641  |d 129641